000 00988nas a2200349 4500
001 BR8503376
003 BR-BrBNA
005 20231205090247.0
007 ta
008 230509b bl.|||p| |||| 00| 00por d
040 _aBR-BrBNA
_bpor
_cBiblioteca Nacional de Agricultura
041 _a(Pt)
072 _aH20
100 1 _aSampaio, J.M.M.
100 1 _aRodrigues, J.A.S.
245 1 _aManga [doenca de planta]
650 _aDOENCA DE PLANTA
650 _aFRUTA
650 _aMANGA
650 _aCONTROLE QUIMICO
650 _aCONTROLE CULTURAL
650 _aANTRACNOSE
650 _aOIDIO
650 _aSECA DA MANGUEIRA
650 _aEMBONECAMENTO
650 _aVERRUGOSE
650 _aMOFO CINZENTO
650 _aPODRIDAO DO FRUTO
773 0 _tInforme Agropecuario - Empresa de Pesquisa Agropecuaria de Minas Gerais (Brazil)
_xISSN 0100-3364
_g(Mar 1985), v. 11(123) p. 30-32
_wBR8503376
909 _a202311
_bLúcia
_c55
_dLúcia Elande
942 _2AGRIS
_n0
_cANA
999 _c117193
_d117193